000 00780nam a2200253Ia 4500
003 OSt
005 20220926011744.0
006 a|||||r|||| 00| 0
007 ta
008 220923b |||||||| |||| 00| 0 eng d
037 _cGeneral Book
040 _aRTL
_cRTL
_beng
041 _2eng
_aeng
082 _aX9.73.N3, G0
100 _aBowden Witt
_9314840
245 0 _aIndustrial history of the United states.
260 _aNew York
_bAdelphi USA
_c1930
300 _ax, 511p.
_ccm.
490 _aLibrary of Early American Business and Industry. 16.
500 _aReprints of economics classics.; Reprintes : New York, Kelley, 1967.
650 _aIndustrial Economics
942 _hX9.73.N3, G0
_cGB
_2CC
999 _c620851
_d620851